Central Library and Information Centre
Sibsagar Girls' College, Sivasagar : Assam

EVOLUTION OF GEOGRAPHICAL THOUGHT (Record no. 10060)

MARC details
000 -LEADER
fixed length control field 00436cam a2200181ua 4500
008 - FIXED-LENGTH DATA ELEMENTS--GENERAL INFORMATION
fixed length control field 190425n1999 II |||gr||||Z||||||eng
040 ## - CATALOGING SOURCE
Original cataloging agency MAIN
041 ## - LANGUAGE CODE
-- English
082 ## - DEWEY DECIMAL CLASSIFICATION NUMBER
Classification number 910.15342 HUS
082 ## - DEWEY DECIMAL CLASSIFICATION NUMBER
Classification number 910 HUS
100 ## - MAIN ENTRY--PERSONAL NAME
Personal name HUSSAIN, MAJID.
245 ## - TITLE STATEMENT
Title EVOLUTION OF GEOGRAPHICAL THOUGHT
260 ## - PUBLICATION, DISTRIBUTION, ETC.
Place of publication, distribution, etc. JAIPUR
Name of publisher, distributor, etc. RAWAT PUBLICATION
Date of publication, distribution, etc. 1999
300 ## - PHYSICAL DESCRIPTION
Extent 432.:
Dimensions 20CM.
942 ## - ADDED ENTRY ELEMENTS (KOHA)
Koha item type Books
653 ## - INDEX TERM--UNCONTROLLED
Uncontrolled term Geography & travel
Holdings
Withdrawn status Lost status Damaged status Not for loan Collection code Home library Current library Shelving location Date acquired Total Checkouts Full call number Barcode Date last seen Date last checked out Copy number Price effective from Koha item type Public note
        TBGEO Central Library and Information Centre Sibsagar Girls College Central Library and Information Centre Sibsagar Girls College GEOGRAPHY BOOK RACK 21.07.2000 1 910.15342 HUS 16965 05.07.2022 13.06.2022 1 27.02.2020 Books V
        TBGEO Central Library and Information Centre Sibsagar Girls College Central Library and Information Centre Sibsagar Girls College GEOGRAPHY BOOK RACK 21.07.2000   910 HUS 16966 27.02.2020   2 27.02.2020 Books V


Sibsagar Girl's College © 2020. All rights reserved.
Powered by Koha.
Maintained by Abhijit Borpuzari.